Los Juicios de Nulidad y Amparo en materia fiscal

Detalles Bibliográficos
Autor principal: Gallego Reyes, Humberto
Formato: eBook
Lenguaje:español
Publicado: Mx̌ico D.F.: Ediciones Fiscales ISEF, 2011
Materias:
Acceso en línea:Acceso restringido

MARC

LEADER 00000nam a22000007a 4500
005 20130425141740.0
007 cr|||| ||||
008 130425t2011 mx |||||s|||| 00| 0 spa d
020 |a 978-607-406-275-5 
035 |a 10990 
040 |a vLex 
090 |c 4166  |d 4166 
100 1 |a Gallego Reyes, Humberto 
245 1 4 |a Los Juicios de Nulidad y Amparo en materia fiscal  |h [Recurso electrn̤ico] /  |c Humberto Gallego Reyes 
256 |a Servicio en ln̕ea 
260 |a Mx̌ico D.F.:  |b Ediciones Fiscales ISEF,   |c 2011 
300 |a 1 recurso electrn̤ico 
506 1 |a Contenido solo disponible en los productos indicados  |d vLex Global  |d vLex Global (Academic Edition, excluding Law Schools)  |d vLex Global (U.S. Academic Edition, Law Schools)  |d vLex Global (U.S. Academic Edition, excluding Law Schools)  |d vLex Global (Academic Edition, Law Schools) 
650 0 4 |a Derecho fiscal  |z Mx̌ico 
740 0 |a vLex Libros (Servicio en ln̕ea) 
856 4 0 |u http://vlex.com/source/juicios-nulidad-amparo-materia-fiscal-10990  |z Acceso restringido 
942 |c BOOK 
999 0 |a Taxation